[Event "Titled Tue 24th Jun Early"]
[Site "chess.com INT"]
[Date "2025.06.24"]
[Round "7"]
[White "Fomevor, Cephas Clinton"]
[Black "Osinovsky, Stepan"]
[Result "0-1"]
[WhiteTitle "CM"]
[BlackTitle "FM"]
[WhiteElo "1883"]
[BlackElo "2240"]
[WhiteFideId "12601330"]
[BlackFideId "4157354"]
[EventDate "2025.06.24"]

1. d4 Nf6 2. c4 g6 3. Nc3 Bg7 4. Nf3 O-O 5. Bg5 d6 6. e3 c5 7. d5 Qa5 8. Bd3 b5
9. O-O bxc4 10. Bxc4 Nbd7 11. Rc1 Rb8 12. b3 Nb6 13. Bxf6 Bxf6 14. Qd3 Nxc4 15.
bxc4 Rb2 16. a4 Bg4 17. Ne4 Bg7 18. h4 Bf5 19. Rb1 Rfb8 20. Rxb2 Rxb2 21. h5
Qxa4 22. hxg6 hxg6 23. Nh4 Qc2 24. Qxc2 Rxc2 25. Nxf5 gxf5 26. Ng5 a5 27. Rb1
Bf6 28. Rb8+ Kg7 29. Nf3 a4 30. Ra8 Rxc4 31. g3 Rb4 32. Kg2 Bb2 33. Nd2 c4 34.
Ra7 c3 35. Nb1 c2 0-1

[Event "Titled Tue 24th Jun Early"]
[Site "chess.com INT"]
[Date "2025.06.24"]
[Round "7"]
[White "Rogov, Matfey"]
[Black "Williams, Simon K"]
[Result "0-1"]
[WhiteTitle "FM"]
[BlackTitle "GM"]
[WhiteElo "2348"]
[BlackElo "2444"]
[WhiteFideId "44191308"]
[BlackFideId "404454"]
[EventDate "2025.06.24"]

1. e4 c5 2. a3 g6 3. Nc3 Bg7 4. Bc4 Nc6 5. d3 d6 6. Ba2 e6 7. h4 h6 8. h5 g5 9.
f4 gxf4 10. Bxf4 Nge7 11. Nf3 Ne5 12. Nxe5 Bxe5 13. Bxe5 dxe5 14. Qf3 Nc6 15.
O-O Qe7 16. Nb5 Rh7 17. b4 Nd4 18. Nxd4 cxd4 19. c3 dxc3 20. Rac1 Bd7 21. Rxc3
Rc8 22. Rxc8+ Bxc8 23. Rc1 Bd7 24. Rc7 Qd6 25. Rxb7 Qd4+ 26. Qf2 Qxd3 27. Rb8+
Ke7 28. Rb7 Rg7 0-1

[Event "Titled Tue 24th Jun Early"]
[Site "chess.com INT"]
[Date "2025.06.24"]
[Round "7"]
[White "Kobalia, Mikhail"]
[Black "Ugorek, Kacper"]
[Result "1-0"]
[WhiteTitle "GM"]
[BlackTitle "CM"]
[WhiteElo "2538"]
[BlackElo "2262"]
[WhiteFideId "4119150"]
[BlackFideId "21890676"]
[EventDate "2025.06.24"]

1. c4 Nf6 2. Nf3 g6 3. Nc3 Bg7 4. e4 O-O 5. d4 d6 6. Be2 e5 7. O-O Nc6 8. d5 Ne7
9. b4 a5 10. bxa5 Rxa5 11. a4 b6 12. Ba3 Nd7 13. Bb4 Ra8 14. a5 f5 15. Ng5 Nc5
16. axb6 Rxa1 17. Qxa1 cxb6 18. Bxc5 bxc5 19. Qa4 Bd7 20. Qa6 Nxd5 21. Nxd5 Qxg5
22. Qxd6 Be8 23. Bf3 h5 24. h3 Kh7 25. Qxc5 Qd2 26. Qe3 Qb2 27. Qa7 f4 28. c5 g5
29. Qa1 Qb5 30. Rc1 Bg6 31. Ne7 Bf7 32. c6 Bf6 33. Nd5 Bxd5 34. exd5 Kg7 35. Qb1
Qxb1 36. Rxb1 g4 37. hxg4 hxg4 38. Bxg4 e4 39. c7 1-0

[Event "Titled Tue 24th Jun Early"]
[Site "chess.com INT"]
[Date "2025.06.24"]
[Round "7"]
[White "Giri, Anish"]
[Black "Durarbayli, Vasif"]
[Result "1-0"]
[WhiteTitle "GM"]
[BlackTitle "GM"]
[WhiteElo "2748"]
[BlackElo "2612"]
[WhiteFideId "24116068"]
[BlackFideId "13402935"]
[EventDate "2025.06.24"]

1. d4 d5 2. c4 c6 3. Nf3 Nf6 4. cxd5 cxd5 5. Nc3 Nc6 6. Bf4 a6 7. Qb3 e6 8. e3
Be7 9. Bd3 O-O 10. O-O b5 11. Rfc1 Bd7 12. h3 h6 13. Qd1 Qb6 14. a4 Na5 15. Ne5
b4 16. Nxd5 exd5 17. Nxd7 Nxd7 18. Bc7 Qb7 19. Bxa5 Rfc8 20. Rxc8+ Rxc8 21. Rc1
Nb8 22. Rxc8+ Qxc8 23. Qc2 Nc6 24. Bb6 g6 25. Bxa6 Qxa6 26. Qxc6 b3 27. Qe8+ Kg7
28. Qxe7 Qxb6 29. Qc5 Qa6 30. Qb5 Qc8 31. Qxb3 Qc1+ 32. Kh2 Qd2 33. f4 h5 34.
Qxd5 h4 35. Qg5 Qxb2 36. f5 Qa3 37. f6+ 1-0

[Event "Titled Tue 24th Jun Early"]
[Site "chess.com INT"]
[Date "2025.06.24"]
[Round "7"]
[White "Troltenier, Dirk"]
[Black "Manukian, Artak"]
[Result "1-0"]
[WhiteTitle "FM"]
[WhiteElo "2174"]
[BlackElo "2104"]
[WhiteFideId "4606400"]
[BlackFideId "13301373"]
[EventDate "2025.06.24"]

1. e4 c6 2. d4 d5 3. exd5 cxd5 4. Bd3 g6 5. h3 Nc6 6. c3 Bf5 7. Nf3 Bxd3 8. Qxd3
Nf6 9. O-O Bg7 10. Bf4 O-O 11. Nbd2 a6 12. Rfe1 e6 13. a4 Rc8 14. Nb3 Ne4 15.
Nfd2 Nxd2 16. Bxd2 Na5 17. Nc5 Qe7 18. b4 Nc4 19. a5 Rfe8 20. Bf4 Bf8 21. Qf3
Red8 22. Qg3 h6 23. h4 Kh7 24. Re2 Nd6 25. Bxd6 Rxd6 26. Rae1 Qc7 27. h5 gxh5
28. Qf3 Bg7 29. Qxh5 Rf8 30. Re3 Qe7 31. Rg3 b6 32. axb6 Rxb6 33. Ree3 a5 34.
bxa5 Rb1+ 35. Kh2 Qd6 36. Nxe6 1-0

[Event "Titled Tue 24th Jun Early"]
[Site "chess.com INT"]
[Date "2025.06.24"]
[Round "7"]
[White "Swara Lakshmi S Nair"]
[Black "Fernandes, Rogerio Paulo Muller"]
[Result "1/2-1/2"]
[WhiteTitle "WCM"]
[WhiteElo "2187"]
[BlackElo "2241"]
[WhiteFideId "25629239"]
[BlackFideId "2101599"]
[EventDate "2025.06.24"]

1. e4 e6 2. d4 d5 3. Nd2 c5 4. exd5 Qxd5 5. Ngf3 cxd4 6. Bc4 Qd6 7. O-O Nf6 8.
Nb3 Nc6 9. Nbxd4 Nxd4 10. Nxd4 a6 11. c3 Qc7 12. Bb3 Bd7 13. Re1 O-O-O 14. Qf3
Bd6 15. h3 h5 16. Bg5 Be5 17. Rad1 Bxd4 18. cxd4 Bc6 19. d5 exd5 20. Rc1 Rd6 21.
Bf4 Rhd8 22. Ba4 b5 23. Bb3 Kb7 24. Rc2 d4 25. Qd3 Qd7 26. Bxd6 Qxd6 27. Rec1
Be4 28. Rc7+ Qxc7 29. Rxc7+ Kxc7 30. Qg3+ Rd6 31. Qxg7 d3 32. Qxf7+ Kc6 33. f3
Bd5 34. Bxd5+ Nxd5 35. Qe8+ Kc7 36. Qe4 d2 37. Qc2+ Nc3 38. Qxc3+ Kd7 39. Qg7+
Kc6 40. Qc3+ Kd7 41. Qg7+ Kc6 42. Qc3+ Kd7 1/2-1/2

[Event "Titled Tue 24th Jun Early"]
[Site "chess.com INT"]
[Date "2025.06.24"]
[Round "7"]
[White "Puzyrevsky, Semyon"]
[Black "Nguyen, Ngoc Truong Son"]
[Result "1-0"]
[WhiteTitle "FM"]
[BlackTitle "GM"]
[WhiteElo "2292"]
[BlackElo "2600"]
[WhiteFideId "24240931"]
[BlackFideId "12401110"]
[EventDate "2025.06.24"]

1. Nf3 Nf6 2. d4 d5 3. c4 e6 4. g3 Be7 5. Bg2 O-O 6. O-O dxc4 7. Ne5 Nc6 8. Bxc6
bxc6 9. Nxc6 Qe8 10. Nxe7+ Qxe7 11. Qc2 e5 12. dxe5 Qxe5 13. Bf4 Qh5 14. f3 Qc5+
15. Kg2 Nd5 16. Nd2 Be6 17. Ne4 Nxf4+ 18. gxf4 Qf5 19. Qd2 Rab8 20. Ng3 Qf6 21.
Rab1 Rfd8 22. Qc3 Qxf4 23. Qxg7+ Kxg7 24. Nh5+ Kf8 25. Nxf4 Bf5 26. e4 Bc8 27.
Rf2 Rd6 28. Rc2 Ba6 29. Kf2 f5 30. e5 Rh6 31. Ke3 Rb5 32. e6 Ke7 33. Rd1 Re5+
34. Kd4 Ra5 35. Kc3 Re5 36. Rd7+ Kf6 37. Rg2 Re3+ 38. Kd4 Rd3+ 39. Nxd3 cxd3 40.
e7 Kf7 41. Rg8 1-0

[Event "Titled Tue 24th Jun Early"]
[Site "chess.com INT"]
[Date "2025.06.24"]
[Round "7"]
[White "Borges, Wagner da Silva"]
[Black "Tiitta, Sauli"]
[Result "1-0"]
[WhiteTitle "CM"]
[WhiteElo "2062"]
[BlackElo "2157"]
[WhiteFideId "2100401"]
[BlackFideId "502251"]
[EventDate "2025.06.24"]

1. Nf3 c5 2. g3 Nc6 3. Bg2 g6 4. d4 cxd4 5. Nxd4 Bg7 6. Nxc6 bxc6 7. O-O Nf6 8.
c4 O-O 9. Nc3 Ba6 10. Qa4 Qc8 11. Rd1 Rd8 12. Bg5 h6 13. Bf4 g5 14. Be5 Bb7 15.
c5 Ne8 16. Bxg7 Nxg7 17. Rd2 d5 18. Rad1 Qf5 19. e4 Qe6 20. exd5 cxd5 21. b4 a6
22. Qb3 Rab8 23. a4 Bc6 24. b5 axb5 25. axb5 Ba8 26. Bxd5 Bxd5 27. Rxd5 Rxd5 28.
Qxd5 Qxd5 29. Rxd5 Ne6 30. c6 Kf8 31. Rd7 Ke8 32. Rb7 Rc8 33. Nd5 Kd8 34. Nxe7
Rc7 35. Nd5 Rxb7 36. cxb7 1-0

[Event "Titled Tue 24th Jun Early"]
[Site "chess.com INT"]
[Date "2025.06.24"]
[Round "7"]
[White "Nicot, Valentin"]
[Black "Ivanov, Andrey A."]
[Result "1-0"]
[WhiteTitle "CM"]
[BlackTitle "CM"]
[WhiteElo "2206"]
[BlackElo "2120"]
[WhiteFideId "651002477"]
[BlackFideId "2514311"]
[EventDate "2025.06.24"]

1. d4 Nf6 2. c4 e6 3. Nf3 Bb4+ 4. Bd2 Qe7 5. g3 O-O 6. Bg2 a5 7. O-O Bxd2 8.
Nbxd2 d6 9. e4 e5 10. d5 Na6 11. Ne1 Nc5 12. Qe2 b6 13. h3 h6 14. Kh2 Nh7 15. f4
exf4 16. gxf4 f5 17. e5 Bb7 18. e6 Nf6 19. Nef3 Nfe4 20. Nd4 Qf6 21. Nxe4 Qxd4
22. Rad1 Qxd1 23. Rxd1 fxe4 24. Bxe4 Rxf4 25. Bf3 Raf8 26. e7 Re8 27. Bh5 Re4
28. Qxe4 Nxe4 29. Bxe8 Nf6 30. Bb5 Kf7 31. e8=Q+ Nxe8 32. Bxe8+ Kxe8 33. Kg3 Kf7
34. Kf4 Kf6 35. h4 Bc8 36. h5 Bf5 37. Re1 Bd3 38. b3 a4 39. Re8 axb3 40. axb3
Bc2 41. Rc8 Bxb3 42. Rxc7 Ba2 43. Rc6 Bb3 44. Rxd6+ Ke7 45. Rc6 b5 46. cxb5 Bxd5
47. Rg6 Kf7 48. b6 Bb7 49. Rg3 Ke6 50. Rxg7 1-0

[Event "Titled Tue 24th Jun Early"]
[Site "chess.com INT"]
[Date "2025.06.24"]
[Round "7"]
[White "Kozak, Antoni"]
[Black "Pham, Le Thao Nguyen"]
[Result "1-0"]
[BlackTitle "IM"]
[WhiteElo "2426"]
[BlackElo "2357"]
[WhiteFideId "21832030"]
[BlackFideId "12401226"]
[EventDate "2025.06.24"]

1. Nf3 d5 2. e3 Nf6 3. c4 c6 4. b3 Bg4 5. Bb2 e6 6. Be2 Nbd7 7. O-O Bd6 8. d4
O-O 9. Nbd2 a5 10. a3 Qb8 11. h3 Bh5 12. g4 Bg6 13. Nh4 Ne4 14. Nxg6 hxg6 15.
Kg2 f5 16. f4 Nxd2 17. Qxd2 Nf6 18. Bf3 Qd8 19. g5 Nd7 20. h4 Kf7 21. h5 gxh5
22. Bxh5+ g6 23. Bf3 Rh8 24. Rh1 Qc7 25. Bc3 b6 26. Bb2 Be7 27. Rac1 Qb7 28. Kg3
b5 29. cxd5 cxd5 30. Rh2 Rxh2 31. Qxh2 Bf8 32. Qc2 Bd6 33. Rh1 Bf8 34. Rc1 Bd6
35. Be2 Rh8 36. Qc6 Qxc6 37. Rxc6 Ke7 38. Bxb5 Rh1 39. Ra6 Rb1 40. Ra7 Bxf4+ 41.
Kxf4 Rxb2 42. Rxd7+ Kf8 43. Ke5 Rxb3 44. Kf6 1-0

[Event "Titled Tue 24th Jun Early"]
[Site "chess.com INT"]
[Date "2025.06.24"]
[Round "7"]
[White "Brady, Tyson"]
[Black "Venskaya, Nika"]
[Result "1-0"]
[WhiteTitle "CM"]
[BlackTitle "WCM"]
[WhiteElo "2170"]
[BlackElo "1926"]
[WhiteFideId "30970369"]
[BlackFideId "13523503"]
[EventDate "2025.06.24"]

1. Nf3 Nf6 2. g3 g6 3. Bg2 Bg7 4. O-O O-O 5. c4 d5 6. cxd5 Nxd5 7. d4 c6 8. Nc3
Nd7 9. e4 Nxc3 10. bxc3 Nf6 11. Qc2 Bg4 12. Ne5 Be6 13. Rb1 Qc8 14. f4 Nd7 15.
f5 Nxe5 16. fxe6 Nc4 17. exf7+ Rxf7 18. Rxf7 Kxf7 19. Qb3 b5 20. e5 e6 21. Qc2
Kg8 22. Qe4 Na5 23. Ba3 Rb8 24. Bd6 Rb6 25. Bc5 Rb7 26. Bb4 Nc4 27. Qxc6 Rc7 28.
Qxb5 Nd2 29. Rd1 Bh6 30. Qd3 Nc4 31. Bh3 Qe8 32. Rf1 Ne3 33. Rf3 Nd5 34. Bc5 Rf7
35. c4 Nc7 36. Bd6 Qc6 37. Rxf7 Kxf7 38. Bg2 Qb6 39. c5 Qa5 40. h4 Kg7 41. Kh2
Nb5 42. Qf3 Qd8 43. Qb7+ 1-0

[Event "Titled Tue 24th Jun Early"]
[Site "chess.com INT"]
[Date "2025.06.24"]
[Round "7"]
[White "Gruzman, Ilya"]
[Black "Demchenko, Anton"]
[Result "0-1"]
[WhiteTitle "CM"]
[BlackTitle "GM"]
[WhiteElo "2165"]
[BlackElo "2619"]
[WhiteFideId "2812703"]
[BlackFideId "4160258"]
[EventDate "2025.06.24"]

1. d4 Nf6 2. c4 g6 3. Nc3 Bg7 4. e4 O-O 5. Nf3 d6 6. Be2 e5 7. Be3 Ng4 8. Bg5 f6
9. Bc1 Nc6 10. O-O f5 11. exf5 Bxf5 12. dxe5 Ngxe5 13. Nxe5 Bxe5 14. Be3 Qh4 15.
g3 Qf6 16. Bf3 Bh3 17. Bd5+ Kh8 18. Ne4 Qg7 19. Re1 h6 20. Qd2 g5 21. Nxg5 hxg5
22. Bxg5 Qg6 23. Re4 Kg7 24. f4 Bf6 25. Bxf6+ Qxf6 26. Rae1 Bf5 27. R4e3 Kh8 28.
b3 Rad8 29. Kf2 Rd7 30. Qe2 Rh7 31. h4 Bd7 32. Bf3 Nd4 33. Qb2 c5 34. Be4 Rg7
35. Bg2 b5 36. Bf3 Rb8 0-1

[Event "Titled Tue 24th Jun Early"]
[Site "chess.com INT"]
[Date "2025.06.24"]
[Round "7"]
[White "Aranda, Juan Manuel"]
[Black "Rahmilevitz, Anton"]
[Result "0-1"]
[WhiteTitle "CM"]
[WhiteElo "2134"]
[BlackElo "2243"]
[WhiteFideId "160458"]
[BlackFideId "2809699"]
[EventDate "2025.06.24"]

1. Nf3 c5 2. g3 Nf6 3. Bg2 g6 4. O-O Bg7 5. d3 O-O 6. e4 d6 7. Nc3 Nc6 8. a4 Rb8
9. Nd2 a6 10. Nc4 b5 11. axb5 axb5 12. e5 Nxe5 13. Nxe5 dxe5 14. Ra7 Bd7 15. Be3
Qb6 16. Qa1 b4 17. Ra6 Qc7 18. Ra7 Qc8 19. Na4 Bxa4 20. Qxa4 c4 21. Rxe7 cxd3
22. cxd3 Qf5 23. Qb3 Ng4 24. Bc5 e4 25. Bd6 Rbd8 26. Bxe4 Qh5 27. h4 Rxd6 28.
Rc1 Ne5 29. Rcc7 Bf6 30. Red7 Nxd7 0-1

[Event "Titled Tue 24th Jun Early"]
[Site "chess.com INT"]
[Date "2025.06.24"]
[Round "7"]
[White "Samunenkov, Ihor"]
[Black "Moussard, Jules"]
[Result "0-1"]
[WhiteTitle "GM"]
[BlackTitle "GM"]
[WhiteElo "2562"]
[BlackElo "2597"]
[WhiteFideId "14187086"]
[BlackFideId "642908"]
[EventDate "2025.06.24"]

1. e4 c5 2. Nf3 e6 3. c3 Nf6 4. e5 Nd5 5. d4 cxd4 6. cxd4 b6 7. Bc4 Bb7 8. O-O
Na6 9. Nbd2 Be7 10. Ne4 O-O 11. Bg5 f6 12. exf6 gxf6 13. Bh6 Rf7 14. Rc1 Kh8 15.
Kh1 Nac7 16. Re1 Qg8 17. Bd3 Bf8 18. Bxf8 Qxf8 19. Qd2 Qe7 20. Ng3 Rg8 21. Nf5
Qf8 22. Nh6 Rfg7 23. Nxg8 Qxg8 24. Rg1 Ne8 25. Ne1 Rg4 26. Be2 Rh4 27. Nf3 Rf4
28. a3 Nd6 29. Rcf1 Ne4 30. Qd3 Qg6 31. Qb3 Qh6 32. Qc2 Bc6 33. Bd1 Ne3 34. Qd3
Ng4 35. Qc2 Rxf3 36. Bxf3 Qxh2# 0-1

[Event "Titled Tue 24th Jun Early"]
[Site "chess.com INT"]
[Date "2025.06.24"]
[Round "7"]
[White "Tari, Aryan"]
[Black "Skliarov, Viktor"]
[Result "1-0"]
[WhiteTitle "GM"]
[BlackTitle "IM"]
[WhiteElo "2636"]
[BlackElo "2334"]
[WhiteFideId "1510045"]
[BlackFideId "14106736"]
[EventDate "2025.06.24"]

1. a4 g6 2. h4 h5 3. e4 Bg7 4. Nc3 c5 5. Bc4 Nc6 6. Nf3 e6 7. d3 Nge7 8. Ng5 d5
9. Ba2 f6 10. Nh3 d4 11. Ne2 e5 12. f4 Bxh3 13. gxh3 Qd7 14. f5 gxf5 15. Ng3
O-O-O 16. Nxh5 Bh6 17. Nxf6 Qd6 18. Bg5 Nb4 19. Bb3 f4 20. Qg4+ Kb8 21. O-O-O a6
22. Kb1 b5 23. Qe6 Qxe6 24. Bxe6 Rd6 25. Nd7+ Kc7 26. Nxc5 Bxg5 27. hxg5 Kc6 28.
c3 Kxc5 29. cxb4+ Kxb4 30. Bf7 Kxa4 31. h4 Kb4 32. h5 a5 33. g6 1-0

[Event "Titled Tue 24th Jun Early"]
[Site "chess.com INT"]
[Date "2025.06.24"]
[Round "7"]
[White "Shogdzhiev, Roman"]
[Black "Krzywda, Andrzej"]
[Result "1-0"]
[WhiteTitle "FM"]
[BlackTitle "CM"]
[WhiteElo "2402"]
[BlackElo "2175"]
[WhiteFideId "55653537"]
[BlackFideId "1114565"]
[EventDate "2025.06.24"]

1. d3 d5 2. Nd2 Nf6 3. g3 h5 4. Ngf3 Nbd7 5. Bg2 e5 6. e4 c6 7. Qe2 d4 8. Nc4
Be7 9. O-O Qc7 10. a4 g6 11. a5 O-O 12. Bg5 Re8 13. c3 dxc3 14. bxc3 Nh7 15.
Bxe7 Rxe7 16. d4 exd4 17. cxd4 Ndf6 18. e5 Bg4 19. Qd2 Nd5 20. Ng5 Rd8 21. Nxh7
Kxh7 22. Nd6 Rxd6 23. exd6 Qxd6 24. Rfe1 Be6 25. Qb2 Rd7 26. Rab1 h4 27. Qd2 h3
28. Bf3 Qa3 29. Bh1 Qd6 30. Re4 Nf6 31. Rh4+ Nh5 32. Bf3 Kg7 33. Bxh5 gxh5 34.
Qg5+ Kf8 35. Qf6 Qa3 36. Rxh5 1-0

[Event "Titled Tue 24th Jun Early"]
[Site "chess.com INT"]
[Date "2025.06.24"]
[Round "7"]
[White "Sobek, Jaroslav"]
[Black "Nugumanov, Bakhtiyar"]
[Result "0-1"]
[WhiteTitle "FM"]
[BlackTitle "IM"]
[WhiteElo "2195"]
[BlackElo "2305"]
[WhiteFideId "301388"]
[BlackFideId "13701797"]
[EventDate "2025.06.24"]

1. d4 Nf6 2. c4 e6 3. Bf4 d5 4. cxd5 exd5 5. Nc3 c6 6. e3 Bd6 7. Bxd6 Qxd6 8.
Bd3 O-O 9. Nge2 Nbd7 10. O-O Re8 11. Qd2 Nf8 12. Rae1 Ne4 13. Qc2 f5 14. f3 Nf6
15. Ng3 g6 16. Qf2 Re7 17. h3 Bd7 18. e4 dxe4 19. fxe4 f4 20. e5 fxg3 21. Qxf6
Qxd4+ 22. Kh1 Rae8 23. Rf3 Be6 24. Rxg3 Rf7 25. Qg5 Qf2 26. Qe3 Qxe3 27. Rgxe3
Nd7 28. Ne4 Rfe7 29. Nd6 Rf8 30. Bc4 b5 31. Bxe6+ Rxe6 32. Kg1 Kg7 33. Rc3 Nxe5
34. Nb7 Nf3+ 0-1

[Event "Titled Tue 24th Jun Early"]
[Site "chess.com INT"]
[Date "2025.06.24"]
[Round "7"]
[White "Odabasi, Ruzgar"]
[Black "Chiang, Jacob"]
[Result "0-1"]
[WhiteTitle "CM"]
[WhiteElo "2170"]
[BlackElo "2006"]
[WhiteFideId "51604787"]
[BlackFideId "30962331"]
[EventDate "2025.06.24"]

1. g3 g6 2. Bg2 Bg7 3. Nf3 Nf6 4. O-O O-O 5. d3 c5 6. c4 Nc6 7. Nc3 d5 8. Bg5 d4
9. Bxf6 exf6 10. Nd5 Be6 11. Nd2 Ne7 12. Nf4 Qd7 13. Ne4 b6 14. Nxe6 fxe6 15. a4
a5 16. Qb3 Rab8 17. h4 f5 18. Nd2 e5 19. Rae1 Qd6 20. Kh1 h6 21. Kg1 Kh7 22. Qc2
Nc6 23. b3 Nb4 24. Qd1 Rbe8 25. Kh1 Na2 26. Nb1 Nb4 27. Nd2 g5 28. hxg5 hxg5 29.
g4 e4 30. dxe4 Qh6+ 31. Kg1 Be5 32. Nf3 fxe4 33. Nxe5 Rxe5 34. Qb1 Qg6 35. f3 e3
36. Qxg6+ Kxg6 37. f4 Rxf4 38. Rxf4 gxf4 39. Rd1 Kg5 40. Bf3 Kh4 41. Kg2 Kg5 42.
Rh1 Kg6 43. Rh8 d3 44. exd3 e2 45. Bxe2 Rxe2+ 46. Kf3 Re3+ 47. Kxf4 Rxd3 48. Rb8
Rxb3 49. Rxb6+ Kf7 50. Kf5 Rf3+ 51. Kg5 Rc3 52. Rb7+ Ke6 53. Kh6 Rxc4 54. g5
Rh4+ 55. Kg7 c4 56. g6 c3 57. Rc7 Nd5 58. Rc6+ Kd7 59. Rc5 Kd6 60. Rc8 Rxa4 61.
Kh8 Rh4+ 62. Kg7 a4 63. Kf7 Rf4+ 64. Kg7 a3 65. Kh6 a2 66. g7 Ne7 67. Rd8+ Ke6
68. Rd1 c2 69. Re1+ Kd7 70. Rxe7+ Kxe7 71. g8=Q c1=Q 72. Qg5+ Ke6 73. Qg8+ Rf7+
74. Kg6 Qg1+ 0-1

[Event "Titled Tue 24th Jun Early"]
[Site "chess.com INT"]
[Date "2025.06.24"]
[Round "7"]
[White "Lissillour, Baptiste"]
[Black "Laddha, Shubh Jayesh"]
[Result "0-1"]
[WhiteTitle "FM"]
[BlackTitle "FM"]
[WhiteElo "2312"]
[BlackElo "2303"]
[WhiteFideId "45179620"]
[BlackFideId "30942799"]
[EventDate "2025.06.24"]

1. d4 d5 2. c4 c6 3. Nf3 Nf6 4. Nc3 e6 5. Bg5 Nbd7 6. cxd5 exd5 7. e3 Be7 8. Bd3
O-O 9. O-O Re8 10. h3 Ne4 11. Bf4 Ndf6 12. Qc2 Bf5 13. Ne5 Bd6 14. f3 Nxc3 15.
Bxf5 Nb5 16. Bg5 Bxe5 17. dxe5 Rxe5 18. Bxh7+ Kh8 19. Bf4 Re8 20. Bd3 Nd6 21.
Qf2 Nh5 22. Bh2 Kg8 23. g4 Nf6 24. Bf4 Nc4 25. Qh4 g6 26. Bg5 Re6 27. Rae1 Ne5
28. Be2 Kg7 29. Qh6+ Kg8 30. f4 Ned7 31. f5 gxf5 32. Rxf5 Qf8 33. Qh4 Ne4 34.
Ref1 Ne5 35. Bf6 Ng6 36. Qe1 Rae8 37. Bd4 R8e7 38. Bd3 c5 39. Bf6 Nxf6 40. Rxf6
Rxf6 41. Rxf6 Qh6 42. Qf2 Qxe3 43. Qxe3 Rxe3 44. Bxg6 fxg6 45. Rxg6+ Kf7 46. Rd6
d4 47. Rd7+ Ke6 48. Rxb7 d3 49. Kf2 d2 50. Kxe3 d1=Q 51. Rxa7 Qc1+ 52. Kf3 Qxb2
53. a4 c4 0-1

[Event "Titled Tue 24th Jun Early"]
[Site "chess.com INT"]
[Date "2025.06.24"]
[Round "7"]
[White "Katishonok, Nikolaj"]
[Black "Shevchenko, Yaroslav"]
[Result "0-1"]
[WhiteTitle "FM"]
[WhiteElo "2004"]
[BlackElo "2179"]
[WhiteFideId "11600225"]
[BlackFideId "34144684"]
[EventDate "2025.06.24"]

1. Nf3 d5 2. d4 e6 3. c4 c6 4. e3 Nf6 5. b3 Nbd7 6. Bb2 Be7 7. Be2 O-O 8. O-O b6
9. Nbd2 Bb7 10. Qc2 h6 11. Rfd1 Re8 12. h3 Qc7 13. Rac1 Rad8 14. e4 dxe4 15.
Nxe4 c5 16. Nc3 cxd4 17. Nb5 Qb8 18. Nbxd4 Nf8 19. Nb5 Ng6 20. Rxd8 Rxd8 21. Rd1
Nf4 22. Rxd8+ Qxd8 23. Bd1 a6 24. Nbd4 Bc5 25. a3 e5 26. Nf5 e4 27. N3d4 g6 28.
Nxh6+ Kh7 29. Qd2 Ne6 30. Nxf7 Qd7 31. Ne5 Qd6 32. Nf7 Qd7 33. Ne5 Qd6 34. Nf7
Qf4 35. Qxf4 Nxf4 36. Ng5+ Kh6 37. Nge6 Nd3 38. Bc3 b5 39. Bd2+ Kh7 40. cxb5
axb5 41. b4 Bb6 42. Be2 Bd5 43. Bxd3 exd3 44. Ng5+ Kg8 45. Nxb5 Nd7 46. Nc3 Bc4
47. Nge4 Ne5 0-1

[Event "Titled Tue 24th Jun Early"]
[Site "chess.com INT"]
[Date "2025.06.24"]
[Round "7"]
[White "Oberoi, Shelev"]
[Black "De Boer, Eelke"]
[Result "0-1"]
[BlackTitle "IM"]
[WhiteElo "2174"]
[BlackElo "2409"]
[WhiteFideId "30908590"]
[BlackFideId "1048120"]
[EventDate "2025.06.24"]

1. d4 Nf6 2. Nc3 d5 3. Bf4 c5 4. e4 Nxe4 5. Nxe4 dxe4 6. dxc5 Qxd1+ 7. Rxd1 Bd7
8. f3 exf3 9. Nxf3 f6 10. a3 e5 11. Be3 Na6 12. b4 O-O-O 13. Bc4 Be7 14. O-O Nc7
15. Nh4 g6 16. Nf3 Ba4 17. Rc1 Bb5 18. Bxb5 Nxb5 19. c4 Rd3 20. Kf2 Nxa3 21. Ke2
Rb3 22. Nd2 Rxb4 23. Rc3 Ra4 24. Kf3 a6 25. Ra1 Nb5 26. Rxa4 Nxc3 27. Ra3 Nd1
28. Bh6 Bxc5 29. Rb3 Bd4 30. Ne4 Kc7 31. Nxf6 Nb2 32. Nd5+ Kb8 33. c5 Rc8 34.
Ke4 Rxc5 35. Bg7 Nc4 36. Bf8 Nd2+ 37. Kd3 Nxb3 38. Bd6+ Kc8 39. Bxc5 Nxc5+ 40.
Kc4 b5+ 41. Kb4 Nd3+ 42. Ka5 Nf4 43. Kxa6 Nxd5 44. Kxb5 Ne3 45. h4 Nxg2 46. h5
gxh5 47. Kc6 h4 48. Kd6 h3 49. Ke6 h2 50. Kd5 h1=Q 51. Ke4 Nf4+ 52. Kf5 Qb1+ 53.
Kf6 Qg6+ 54. Ke7 Bc5# 0-1

[Event "Titled Tue 24th Jun Early"]
[Site "chess.com INT"]
[Date "2025.06.24"]
[Round "7"]
[White "Shuvalova, Polina"]
[Black "Yatskar, Martin"]
[Result "0-1"]
[WhiteTitle "IM"]
[BlackTitle "CM"]
[WhiteElo "2480"]
[BlackElo "2225"]
[WhiteFideId "24171760"]
[BlackFideId "34109676"]
[EventDate "2025.06.24"]

1. e4 e5 2. Nf3 Nc6 3. Nc3 Nf6 4. Bb5 Bc5 5. O-O O-O 6. Nxe5 Nxe5 7. d4 Bd6 8.
f4 Neg4 9. e5 Be7 10. d5 d6 11. exf6 Nxf6 12. Bd3 Bg4 13. Qe1 Re8 14. h3 Bf8 15.
Qh4 Bd7 16. Bd2 c6 17. Kh1 h6 18. Qg3 cxd5 19. f5 d4 20. Ne2 Kh8 21. Nxd4 Qb6
22. Bc3 d5 23. Rae1 Bd6 24. Qf3 Be5 25. Ne2 Bc6 26. Bxe5 Rxe5 27. b3 Rae8 28.
Rd1 d4 29. Qf2 Re3 30. Kg1 Qc5 31. Nf4 Be4 32. Rde1 Bc6 33. Rxe3 dxe3 34. Qe2
Qd4 35. Re1 Qxf4 36. Rf1 Qg3 37. Kh1 Qxh3+ 38. Kg1 Qg3 39. Re1 Ng4 0-1

[Event "Titled Tue 24th Jun Early"]
[Site "chess.com INT"]
[Date "2025.06.24"]
[Round "7"]
[White "Seder, Mohammed"]
[Black "Zakin, Ilay"]
[Result "1-0"]
[WhiteTitle "FM"]
[BlackTitle "FM"]
[WhiteElo "2075"]
[BlackElo "2300"]
[WhiteFideId "11505567"]
[BlackFideId "2848279"]
[EventDate "2025.06.24"]

1. d4 Nf6 2. Nc3 d5 3. Bf4 c6 4. e3 g6 5. Nf3 Bg7 6. Ne5 O-O 7. g4 Nbd7 8. Be2
Nxe5 9. Bxe5 Qa5 10. h4 Ne4 11. Bxg7 Kxg7 12. Qd3 f5 13. f3 Ng3 14. Rg1 Nxe2 15.
Qxe2 fxg4 16. fxg4 b5 17. O-O-O b4 18. Nb1 Ba6 19. Qd2 Qxa2 20. Qxb4 Rab8 21.
Qxe7+ Kh8 22. b3 Rbe8 23. Qxa7 Rf2 24. Qc5 Rb8 25. Rd2 Rxd2 26. Nxd2 Qa1+ 27.
Nb1 Bb5 28. h5 Re8 29. hxg6 Qa7 30. Qxa7 1-0